| 000 | 00433nam a2200169 a 4500 | ||
|---|---|---|---|
| 001 | 0000-9391 | ||
| 003 | ELIB.Books | ||
| 008 | 110520 1984 | ||
| 035 | _a(ELIB.Books)0000-9543 | ||
| 082 |
_a268 _bCol |
||
| 100 | _aColeman, Lucien E. | ||
| 245 | _aWhy the Church Must Teach | ||
| 260 |
_bNashville: Broadman Press _c1984 |
||
| 650 | _aChristian Education | ||
| 942 |
_2ddc _cBK |
||
| 998 |
_cbat _e2011-05-20 |
||
| 999 |
_c9391 _d9391 |
||